[Event "ESP-ch 78th"]
[Site "Linares"]
[Date "2013.09.06"]
[Round "9"]
[White "Illescas Cordoba, Miguel Angel"]
[Black "Perez Candelario, Manuel"]
[Result "1-0"]
[WhiteElo "2608"]
[BlackElo "2569"]
[PlyCount "61"]
[EventDate "2013.08.29"]
[EventType "swiss"]
[EventRounds "9"]
[EventCountry "ESP"]
[SourceTitle "CBM 156 Extra"]
[Source "ChessBase"]
[SourceDate "2013.10.22"]
[SourceVersion "1"]
[SourceVersionDate "2013.10.22"]
[SourceQuality "1"]

1. d4 Nf6 2. c4 g6 3. g3 Bg7 4. Bg2 0-0 5. Nf3 d6 6. 0-0 Nbd7 7. Qc2 e5 8. Rd1 Qe7 9. Nc3 c6 10. e4 Re8 11. b3 exd4 12. Nxd4 Nc5 13. f3 Nfd7 14. Rb1 a5 15. Nce2 Ne5 16. h3 h5 17. a3 Ne6 18. Nxe6 fxe6 19. f4 Nf7 20. e5 g5 21. Qg6 d5 22. Qxh5 gxf4 23. Nxf4 Bd7 24. Ng6 Qc5+ 25. Kh2 b5 26. Rf1 Ra7 27. Rxf7 Kxf7 28. Ne7+ Kxe7 29. Bg5+ Kf8 30. Rf1+ Kg8 31. Qf7+ 1-0

[Event "ESP-ch 78th"]
[Site "Linares"]
[Date "2013.09.02"]
[Round "5"]
[White "Lopez Martinez, Josep Manuel"]
[Black "Illescas Cordoba, Miguel Angel"]
[Result "1/2-1/2"]
[WhiteElo "2547"]
[BlackElo "2608"]
[PlyCount "84"]
[EventDate "2013.08.29"]
[EventType "swiss"]
[EventRounds "9"]
[EventCountry "ESP"]
[SourceTitle "CBM 156 Extra"]
[Source "ChessBase"]
[SourceDate "2013.10.22"]
[SourceVersion "1"]
[SourceVersionDate "2013.10.22"]
[SourceQuality "1"]

1. e4 e6 2. d4 d5 3. Nc3 dxe4 4. Nxe4 Nd7 5. Nf3 Ngf6 6. Nxf6+ Nxf6 7. Be3 Bd6 8. c3 0-0 9. Bd3 b6 10. Qc2 Bb7 11. 0-0-0 h6 12. Kb1 Nd5 13. h4 Re8 14. Bh7+ Kf8 15. Bc1 c5 16. dxc5 bxc5 17. c4 Nf6 18. Qb3 Qc7 19. Bc2 Rab8 20. Qc3 Ng4 21. Qd2 Red8 22. Qe2 Bf4 23. Nd2 Nf6 24. f3 a5 25. Nb3 Bxc1 26. Nxc1 Ba6 27. Rxd8+ Rxd8 28. Rd1 Rxd1 29. Bxd1 Qf4 30. b3 Nd5 31. Qe1 Nb4 32. Bc2 Qd4 33. Qd1 Qxd1 34. Bxd1 Ke7 35. Kb2 Kd6 36. Kc3 e5 37. a3 Nc6 38. Nd3 Nd4 39. b4 axb4+ 40. axb4 cxb4+ 41. Kxb4 f6 42. c5+ Kd5 1/2-1/2